000 00545nam a22001817a 4500
005 20241205144112.0
010 _aENG-142892
020 _a9789380599342
_c250.00
035 _aEN-126424
037 _bDBAD
082 _a519.502
100 _aDās, J. K.
_974735
245 _aStatisctics for business decisions/
_cBy J. K. Dās
260 _aKolkata
_bAcademic Publishers
_c2010
270 _a5A Bhawani Dutta Lane, Kolkata-700073
_bKolkata
_e700073
300 _axii,348p. .
_c24cm. (pb)
942 _2ddc
_cEN
_h519.502
_mDAS
999 _c207437
_d207437